000 00448nam a2200193Ia 4500
005 20240823024912.0
008 240823s9999||||xx |||||||||||||| ||und||
020 _a81-314-0048-4
041 _aENGLISH
082 _A331.31 P6
100 _aKeka Lahiri Ed.
245 0 _aChild Labour
250 _a1st
260 _c2006
_bICFAI University
500 _aYES
650 _aChild Labor
_bManagement Studies
942 _cBK
999 _c185017
_d185017